000 01112nam0a2200313 4500
001 RU\NLR\bibl\904115
005 20260406145738.0
010 _a5-94563-041-1
_98000
021 _aRU
_b2005-86451
_94283
035 _a(NLR Aleph) 000892533
090 _a1727409
_c1727409
100 _a20060206d2005 |||y0rusy50 ca
101 0 _arus
102 _aRU
105 _aa |||||||||
200 1 _aВолшебник Изумрудного города
_e[сказочная повесть]
_fАлександр Волков
_gхудож. Е. Лопатина
210 _aМосква
_cСтрекоза-Пресс
_d2005
215 _a223 с., [3] л. цв. ил.
_cил.
_d21
225 1 _aКлассика детям
686 _aШ9(2)60=Р7-2
700 1 _4070
_8rus
_7ca
_aВолков
_bА. М.
_cписатель
_f1891-1977
_gАлександр Мелентьевич
_3RU\NLR\AUTH\774780
_9114755
702 1 _aЛопатина
_bЕ.
_4040
801 0 _aRU
_bNLR
_c20060206
_grcr
801 1 _aRU
_bNLR
_c20060206
942 _cBOOK
980 _aNB